000 004870000a22001930004500
003 LK-CoMWRAF
005 20231114232834.0
008 230817t ||||| |||| 00| 0 eng d
020 _a8178267292
040 _aLK-CoMWRAF
_dLK-CoMWRAF
_eLK-CoMWRAF
041 _aeng
082 _a823
_bKAP
100 _aKapoor, Ramesh
245 _aRohan's Mahabharata
260 _aDelhi (India) :
_bRohan book company,
_c2004
300 _a160p
650 _aEnglish Fiction--Indian
942 _cBK
999 _c2176
_d2176